[Event "9th Open"]
[Site "Foxwoods USA"]
[Date "2007.04.05"]
[Round "2"]
[White "Sharavdorj,D"]
[Black "Shtivelband,R"]
[Result "1-0"]
[WhiteElo "2454"]
[BlackElo "2168"]

1.d4 d5 2.Nf3 Nf6 3.c4 c6 4.Nc3 a6 5.a4 e6 6.Bg5 Bb4 7.Qb3 Qa5 8.Bxf6 gxf6
9.e3 Nd7 10.Be2 dxc4 11.Bxc4 Nb6 12.O-O Nxc4 13.Qxc4 Rg8 14.Ne4 Be7 15.Nc5 Qc7
16.Rfc1 b6 17.Ne4 a5 18.Nc3 Qd6 19.Qb3 Bd8 20.Qc2 Rg6 21.e4 Bb7 22.e5 Qd7
23.Ne4 Be7 24.exf6 Bxf6 25.Ne5 Bxe5 26.dxe5 O-O-O 27.Rd1 Qe7 28.Rxd8+ Kxd8
29.Rd1+ Kc7 30.Nf6 Kb8 31.g3 Qb4 32.Rd8+ Ka7 33.Rd7 Qe1+ 34.Kg2 Qxe5 35.Ne8 f5
36.Qxc6 Qb8 37.Nd6  1-0

[Event "18th Pobeskydi Chance Cup"]
[Site "Frydek Mistek CZE"]
[Date "2007.04.06"]
[Round "3"]
[White "Straka,Jo"]
[Black "Karhanek,P"]
[Result "1/2-1/2"]
[WhiteElo "1905"]
[BlackElo "2214"]

1.d4 d5 2.c4 c6 3.Nf3 Nf6 4.Nc3 a6 5.cxd5 cxd5 6.Bf4 Nc6 7.e3 Bg4 8.Be2 e6
9.O-O Be7 10.Ne5 Bxe2 11.Qxe2 Nxe5 12.Bxe5 O-O 13.Rac1 Nd7 14.Bg3 Rc8 15.Rc2 Qa5
16.Rfc1 Rc6 17.f3 Rfc8 18.Be1 Qc7 19.Bg3 Qa5 20.Be1 Bb4 21.a3 Bxc3 22.Rxc3 Rxc3
23.Rxc3 Rxc3 24.Bxc3 Qa4 25.e4 Nb6 26.h4 Qb3 27.h5 h6 28.Kh2 Na4 29.Qd2 Qb5
30.e5 Nb6 31.Qc2 Qc4 32.b3 Qc6 33.Qd2 Nd7 34.Bb4 Nb6 35.Qc3 Qxc3 36.Bxc3 Nd7
37.g4 f6 38.f4 Kf7 39.Kg3 g6 40.Bb4 gxh5 41.gxh5 Nb8 42.Bc5 Nc6 43.b4 Nb8
44.Bd6 Nd7 45.Bc7 fxe5 46.fxe5 Ke8 47.Kf4 Nf8 48.Bd6 Nh7 49.Bc5 Ng5 50.Bb6 Ne4
51.Bc7 Nc3 52.Bb6 Na4 53.Bc7 b5 54.Ke3 Nb2 55.Bb8 Nc4+ 56.Kd3 Nxa3 57.Ba7 Nc4
58.Bc5 a5 59.bxa5 Nxa5 60.Kc3 Nc6 61.Kb3 Kf7 62.Kc3 Ke8 63.Kb3 Kd7 64.Kc3 Ke8
65.Kb3 Kf7 66.Kc3 Na5 67.Kb4 Nc4 68.Kxb5 Ne3 69.Bb4 Nf5 70.Bc3 Ng3 71.Bd2 Nxh5
72.Bxh6 Kg6 73.Bf8 Kf5 74.Kc6 Ng3 75.Bc5 Ne2 76.Kd7 Nf4 77.Ba7 Ke4 78.Kd6 Kd3
79.Bc5 Kc4 80.Ba7 Kd3 81.Bc5 Ke4 82.Ba7 Kf5 83.Bc5 Nd3 84.Ba7 Nb2 85.Bc5 Nc4+
86.Kc6 Nd2 87.Kd7 Nb3 88.Ba7 Nd2  1/2-1/2

[Event "5th Arab Cities"]
[Site "Beirut LBN"]
[Date "2007.04.08"]
[Round "1"]
[White "El Gindy,E"]
[Black "Askar,M"]
[Result "1-0"]
[WhiteElo "2495"]
[BlackElo "2021"]

1.d4 d5 2.c4 c6 3.Nc3 Nf6 4.Nf3 a6 5.a4 e6 6.a5 dxc4 7.Qa4 Nbd7 8.e4 b5 9.axb6 Qxb6
10.Bxc4 Bb4 11.O-O Bxc3 12.bxc3 Nxe4 13.Qc2 Nef6 14.Bf4 O-O 15.Rfb1 Qa7 16.Ra5 Nb6
17.Bd3 Nbd5 18.Be5 Qe7 19.c4 Nb4 20.Bxf6 gxf6 21.Bxh7+ Kg7 22.Qd2 Kxh7 23.Rh5+ Kg7  1-0

[Event "45th Doeberl Cup"]
[Site "Canberra AUS"]
[Date "2007.04.08"]
[Round "5"]
[White "Antic,De"]
[Black "Hu,J"]
[Result "1-0"]
[WhiteElo "2443"]
[BlackElo "2038"]

1.d4 Nf6 2.Nf3 d5 3.c4 c6 4.Nc3 a6 5.a4 Qc7 6.g3 Bf5 7.Bf4 Qa5 8.Bg2 dxc4
9.O-O e6 10.Ne5 Nbd7 11.e4 Bg6 12.Nxc4 Qb4 13.Qe2 Bh5 14.f3 Nb6 15.Nxb6 Qxb6
16.Be3 Bb4 17.g4 Bg6 18.g5 Nd7 19.f4 Qa5 20.d5 Bxc3 21.bxc3 Qxc3 22.Rac1 Bh5
23.Rxc3 Bxe2 24.Rf2 Bh5 25.Rb2 exd5 26.exd5 cxd5 27.Rxb7 Bg4 28.Bxd5 O-O
29.Rcc7 Rae8 30.Kf2 Re7 31.Bc4 Rfe8 32.Bd4 Be2 33.Bd5 Bg4 34.Kg3 Bf5 35.Bc6 Rd8
36.Bf2 h5 37.Bf3 g6 38.Ra7 Kf8 39.Bd4 Re1 40.Bf6 Nxf6 41.Rxf7+ Ke8 42.Rxf6 Bd7
43.Rxd7 Rxd7 44.Bc6 Re3+ 45.Kf2 Rd3 46.Bxd7+  1-0

[Event "Kaupthing GM"]
[Site "Reykjavik ISL"]
[Date "2007.04.08"]
[Round "7"]
[White "Thorfinnsson,Bj"]
[Black "Thorfinnsson,Br"]
[Result "1/2-1/2"]
[WhiteElo "2348"]
[BlackElo "2384"]

1.d4 d5 2.c4 c6 3.Nf3 Nf6 4.Nc3 a6 5.c5 Nbd7 6.h3 Qc7 7.b4 e5 8.dxe5 Nxe5
9.Nxe5 Qxe5 10.Bb2 Be6  1/2-1/2

[Event "30th Open"]
[Site "San Sebastian ESP"]
[Date "2007.04.08"]
[Round "9"]
[White "Dobrev,Nan"]
[Black "Andres Gonzalez,I"]
[Result "1-0"]
[WhiteElo "2467"]
[BlackElo "2372"]

1.d4 d5 2.Nf3 c6 3.c4 Nf6 4.Nc3 a6 5.h3 b5 6.cxd5 cxd5 7.Bf4 e6 8.Rc1 Bd6
9.Bxd6 Qxd6 10.Nxb5 Qb4+ 11.Qd2 Qxd2+ 12.Nxd2 O-O 13.Nc3 Nc6 14.e3 Bd7 15.Na4 Rfb8
16.Nc5 Be8 17.b3 a5 18.a3 e5 19.dxe5 Nxe5 20.f4 Ng6 21.g3 Bb5 22.Bxb5 Rxb5
23.Ke2 h5 24.Nf3 Rc8 25.Nd3 Rxc1 26.Nxc1 Ne4 27.Rg1 Rc5 28.Nd4 Ne7 29.Nd3 Rc3
30.Ne5 f6 31.Nef3 a4 32.Nd2 axb3 33.N2xb3 Nc6 34.Ra1 Nxg3+ 35.Kf3 Ne4 36.Nxc6 Rxc6
37.Nd4 Rb6 38.Ra2 Nc3 39.Rc2 Ne4 40.Nf5 Rb7 41.Ra2 Ra7 42.Ra1 Kh7 43.Nd4 Ra4
44.h4 Nd2+ 45.Ke2 Nc4 46.Nc2 g5 47.hxg5 fxg5 48.fxg5 Kg6 49.Rg1 h4 50.Nb4 Nb6
51.Nd3 Rxa3 52.Nf4+ Kg7 53.Rb1 Ra6 54.Kf3 Nc4 55.Rb7+ Kf8 56.Nxd5 Ra5 57.e4 h3
58.Rh7 Nd2+ 59.Kf4 Ra3 60.Nf6 Rf3+ 61.Ke5 Nb3 62.g6 Rg3 63.Rf7+  1-0

[Event "5th Arab Cities"]
[Site "Beirut LBN"]
[Date "2007.04.14"]
[Round "8"]
[White "Ibrahim,H"]
[Black "Mohd,AA"]
[Result "1/2-1/2"]
[WhiteElo "2342"]
[BlackElo "2161"]

1.d4 d5 2.c4 c6 3.Nf3 Nf6 4.Nc3 a6 5.e3 b5 6.b3 Bg4 7.Be2 e6 8.O-O Nbd7 9.Bb2 Bd6
10.h3 Bh5 11.Ne5 Bxe2 12.Nxe2 bxc4 13.bxc4 O-O 14.Qa4 Qc7 15.Nxd7 Nxd7 16.c5 Be7
17.Bc3 Rfb8 18.Ba5 Qc8 19.Nc3 e5 20.Rab1 exd4 21.exd4 Bf6 22.Rfd1 g6 23.Qc2 Rxb1
24.Nxb1 Rb8 25.Nc3 Nf8 26.Bb6 Ne6 27.Ne2 Qb7 28.Qa4 Qc8 29.Rd3 Nf8 30.Ra3 Ra8
31.Rf3 Bg7 32.Qc2 Ne6 33.Rd3 Qd7 34.a4 Qe7 35.Qd2 h5 36.Rb3 Qf6 37.Rf3 Qe7
38.Qd3 Qd7 39.h4 Bh6 40.g3 Bg7 41.Qe3 Re8 42.Qd3 Ra8 43.Kg2 Qb7 44.Qd2 Qd7
45.Rd3 Kh7 46.f4 Bh6 47.Ng1 Ng7 48.Nf3 f6 49.Re3 Nf5 50.Re2 Re8 51.Qe1 Rxe2+
52.Qxe2 Qc8 53.a5 Kg8 54.Kf2 Kf7 55.Kg2 Bf8 56.Qd3 Bh6 57.Ne1 Qe6 58.Nc2 g5
59.fxg5 fxg5 60.hxg5 Bxg5 61.Qf3 Qg6  1/2-1/2

[Event "8th ch-Euro T/B Qualification"]
[Site "Dresden GER"]
[Date "2007.04.15"]
[Round "1.2"]
[White "Rodshtein,M"]
[Black "Iljushin,A"]
[Result "1-0"]
[WhiteElo "2530"]
[BlackElo "2501"]

1.d4 d5 2.c4 c6 3.Nc3 Nf6 4.Nf3 a6 5.h3 e6 6.e3 Nbd7 7.Qc2 Bd6 8.g4 h6 9.Rg1 Qe7
10.h4 Bb4 11.Bd2 Bxc3 12.Bxc3 Ne4 13.Bd3 Nxc3 14.Qxc3 dxc4 15.Qxc4 c5 16.Rc1 b5
17.Qc2 Bb7 18.Be4 Bxe4 19.Qxe4 O-O 20.g5 f5 21.gxf6 Nxf6 22.Qe5 Nd7 23.Qg3 Rf7
24.Ne5 Nxe5 25.dxe5 c4 26.Rc2 Rd8 27.f4 Qb4+ 28.Ke2 Qa4 29.Qg6 b4 30.Rxc4 Qxa2
31.Qxe6 Rf8 32.Kf3 Kh8 33.Rc6 Qxb2 34.Rc8 Rxc8 35.Qxc8+ Kh7 36.Qxa6 Qh2 37.Qg6+ Kg8
38.e6 Qh3+ 39.Ke4 Re7 40.f5 Qxh4+ 41.Rg4 Qh1+ 42.Ke5 Qf3 43.Re4 Qh3 44.Qg1 b3
45.Qd1 h5  1-0

[Event "8th ch-Euro T/B Qualification"]
[Site "Dresden GER"]
[Date "2007.04.15"]
[Round "1.3"]
[White "Rodshtein,M"]
[Black "Iljushin,A"]
[Result "0-1"]
[WhiteElo "2530"]
[BlackElo "2501"]

1.d4 d5 2.c4 c6 3.Nc3 Nf6 4.Nf3 a6 5.h3 g6 6.c5 Bg7 7.Bf4 O-O 8.e3 Nbd7 9.Be2 Ne4
10.O-O e5 11.Nxe5 Nxc3 12.bxc3 Nxe5 13.Bxe5 Bxe5 14.dxe5 Qe7 15.Qd4 Re8 16.c4 Qxe5
17.Rfd1 Qxd4 18.Rxd4 Be6 19.Rb1 Re7 20.a3 dxc4 21.Rc1 Rae8 22.Kf1 h5 23.Bxc4 Bxc4+
24.Rcxc4 Re5 25.Ke2 R8e7 26.h4 Kg7 27.Kd3 g5 28.hxg5 Rxg5 29.g3 Rf5 30.Ke2 a5
31.f4 Rf6 32.Kf3 Rfe6 33.e4 b5 34.cxb6 Rb7 35.Rc5 Rxb6 36.Rd3 Rb5 37.Rdc3 Rd6
38.Kg2 Rb2+ 39.Kf3 a4 40.e5 Rdd2 41.Rxc6 Rb3 42.Rxb3 axb3 43.Rb6 Rb2 44.f5 Rb1
45.Kf4 h4 46.Kg4 b2 47.f6+ Kg6 48.Rb8 hxg3  0-1

[Event "Reykjavik International"]
[Site "Reykjavik ISL"]
[Date "2007.04.18"]
[Round "8"]
[White "Buckley,G"]
[Black "Petursson,G"]
[Result "1/2-1/2"]
[WhiteElo "2390"]
[BlackElo "2065"]

1.d4 d5 2.c4 c6 3.Nf3 Nf6 4.Nc3 a6 5.e3 b5 6.b3 Bg4 7.Be2 e6 8.O-O Nbd7 9.h3 Bh5
10.Bb2 Bd6 11.Ne5 Bxe2 12.Nxe2 Qc7 13.cxb5 cxb5 14.Rc1 Qb8 15.Nxd7 Nxd7 16.e4 O-O
17.e5 Be7 18.f4 Rc8 19.f5 Bg5 20.Rxc8+ Qxc8 21.Bc1 Bxc1 22.Qxc1 exf5 23.Qg5 Nf8
24.Ng3 h6 25.Qd2 g6 26.Rc1 Qd8 27.Qxh6 Rc8 28.Rf1 Ne6 29.h4 Qf8 30.Qd2 Qd8
31.Qh6 Qf8  1/2-1/2

[Event "Abierto"]
[Site "Berazategui ARG"]
[Date "2007.04.20"]
[Round "3"]
[White "Mahia,G"]
[Black "Iermito,S"]
[Result "1/2-1/2"]
[WhiteElo "2414"]
[BlackElo "2316"]

1.d4 d5 2.c4 c6 3.Nf3 Nf6 4.Nc3 a6 5.a4 e6 6.Bg5 Nbd7 7.e3 Qa5 8.Bxf6 Nxf6
9.Bd3 Bb4 10.Rc1 c5 11.O-O dxc4 12.Bxc4 O-O 13.Qb3 Bd7 14.dxc5 Bxc3 15.Qxc3 Qxc3
16.Rxc3 Ne4 17.Rcc1 Nxc5 18.a5 Rac8 19.Ne5 Bb5 20.Bxb5 axb5 21.Rc3 Ne4 22.Rd3 Rfd8
23.Rxd8+ Rxd8 24.Rc1 f6 25.Nf3 e5 26.Kf1 Rd7 27.Ke2 Kf7 28.Rc2 Ke7 29.Ne1 Kd6
30.Nd3 Rc7 31.Rxc7 Kxc7 32.f3 Nd6 33.Nc5 Kc6 34.Ne6 Ne8 35.Kd3 Kd6 36.Nf8 h6
37.Kc3 Nc7 38.e4 Kc5 39.Nd7+ Kd6 40.Nb6 Kc5 41.Kb3 Ne6 42.Nd5 Nd4+ 43.Kc3 Ne2+
44.Kb3 Nd4+ 45.Kc3 Ne2+ 46.Kd3 Nf4+ 47.Nxf4 exf4 48.Kc3 b4+ 49.Kd3 Kb5 50.Kd4 Ka4
51.Kc4 g5 52.g4 fxg3 53.hxg3 h5 54.f4 gxf4 55.gxf4 Kxa5 56.e5 fxe5 57.f5 h4
58.f6 h3 59.f7 h2 60.f8=Q h1=Q 61.Qxb4+ Ka6 62.Qb5+ Ka7 63.Qa5+ Kb8 64.Qxe5+ Ka8  1/2-1/2

[Event "Open"]
[Site "Metz FRA"]
[Date "2007.04.21"]
[Round "8"]
[White "Gladyszev,O"]
[Black "Wirig,A"]
[Result "1/2-1/2"]
[WhiteElo "2485"]
[BlackElo "2443"]

1.d4 d5 2.c4 c6 3.Nf3 Nf6 4.Nc3 a6 5.Ne5 Nbd7 6.Bf4 dxc4 7.Nxc4 b5 8.Ne5 Bb7
9.e3 e6 10.Qf3 Ra7 11.Nxd7 Qxd7 12.Be5 c5 13.Qg3 b4 14.Bxf6 bxc3 15.Bxg7 cxd4
16.bxc3 Rg8 17.Qb8+ Bc8 18.Bxd4 Rb7 19.Qa8 Bd6 20.Bxa6 Rb8 21.Bxc8 Rxc8 22.Qe4 f5
23.Qf3 e5 24.Qd5 Rg6 25.Bb6 Bb8 26.Qxd7+ Kxd7 27.Ba5 Rxg2 28.Ke2 e4 29.Rag1 Rxg1
30.Rxg1 Bxh2 31.Rh1 Ra8 32.Rxh2 Rxa5 33.Rxh7+ Ke6 34.Rh8 Rxa2+ 35.Kf1 Ra7
36.Rd8 Ke5 37.Ke2 Rc7 38.Kd2 Ra7 39.Kc1 Rc7 40.Kc2 Ke6 41.Rd4 Ra7 42.Kb3 Rb7+
43.Rb4 Rd7 44.Kc2 Rh7 45.Rd4 Ra7 46.Rd2 Rc7 47.Rd1 Ra7 48.Rb1 Ra2+ 49.Rb2 Ra8
50.Kd2 Rd8+ 51.Ke2 Rc8 52.Rb3 Kd5 53.Ra3 Rb8 54.Ra5+ Ke6 55.Ra2 Rc8 56.Kd2 Rd8+
57.Kc2 Rc8 58.Ra4 Rh8 59.Kb3 Rb8+ 60.Ka3 Rd8 61.Rd4 Ra8+ 62.Kb2 Rb8+ 63.Kc1 Ra8
64.Rb4 Ra1+ 65.Rb1 Ra2 66.Rb2 Ra1+ 67.Kc2 Ra8 68.c4 Ra3 69.Kd2 Kd6 70.Rb6+ Ke5
71.Rb5+ Ke6 72.Rd5 Ra2+ 73.Ke1 Rc2 74.Rc5 Rc1+ 75.Ke2 Kf6 76.Rc8 Ke6 77.Rc6+ Ke7
78.f4 Rc2+ 79.Kd1 Rc3 80.Kd2 Rd3+ 81.Ke2 Rc3 82.Kf2 Kf7 83.Rc7+ Ke6 84.c5  1/2-1/2

[Event "XIII Open"]
[Site "Cutro ITA"]
[Date "2007.04.28"]
[Round "6"]
[White "Sriram,J"]
[Black "Agrest,E"]
[Result "0-1"]
[WhiteElo "2425"]
[BlackElo "2561"]

1.d4 d5 2.c4 c6 3.Nf3 Nf6 4.Nc3 a6 5.e3 e6 6.b3 Bb4 7.Bd2 Bd6 8.Qc2 O-O 9.e4 Nxe4
10.Nxe4 dxe4 11.Qxe4 c5 12.dxc5 Bxc5 13.Rc1 f5 14.Qe5 Qe7 15.Be2 Nc6 16.Qb2 e5
17.Bc3 e4 18.Nd4 f4 19.Rg1 Nxd4 20.Bxd4 Bb4+ 21.Bc3 f3 22.Bf1 Ba3 23.Qc2 e3
24.gxf3 exf2+ 25.Kxf2 Bc5+ 26.Bd4 Qh4+ 27.Rg3 Bxd4+ 28.Kg2 Be5  0-1

[Event "Open"]
[Site "Halkidiki GRE"]
[Date "2007.05.02"]
[Round "6"]
[White "Jevtic,Mir"]
[Black "Bibik,J"]
[Result "1-0"]
[WhiteElo "2132"]
[BlackElo "2354"]

1.d4 d5 2.c4 c6 3.Nc3 Nf6 4.Nf3 a6 5.c5 g6 6.Bf4 Bg7 7.e3 O-O 8.Bd3 Nbd7
9.Qc2 Ne8 10.h4 e5 11.dxe5 Nxc5 12.h5 Nxd3+ 13.Qxd3 Bf5 14.Qd4 Nc7 15.hxg6 fxg6
16.Qb4 Qd7 17.Bg5 Ne6 18.Be7 Rf7 19.Bd6 Bf8 20.Bxf8 Raxf8 21.Rd1 Qe7 22.Qxe7 Rxe7
23.Nd4 Ng7 24.Nxf5 Nxf5 25.g4 Ng7 26.f4 Ne6 27.Ne2 Nc7 28.b4 a5 29.a3 Ra8
30.Kf2 axb4 31.axb4 Ra6 32.Rb1 Nb5 33.Rhc1 Ra3 34.Ra1 Rb3 35.Rcb1 Rd3 36.Ra8+ Kg7
37.Rd8 Ra3 38.Rg1 Ra2 39.Kf3 Ra3 40.Rb1 Ra2 41.Ng3 Na3 42.Rg1 Nc4 43.Nf5+ gxf5
44.gxf5+ Kh6  1-0

[Event "TCh-RUS HL"]
[Site "Sochi RUS"]
[Date "2007.05.03"]
[Round "1"]
[White "Miroshnichenko,E"]
[Black "Belozerov,A"]
[Result "1/2-1/2"]
[WhiteElo "2646"]
[BlackElo "2541"]

1.d4 d5 2.c4 c6 3.Nf3 Nf6 4.Nc3 a6 5.c5 Bf5 6.Bf4 Nbd7 7.e3 e6 8.Be2 Ne4
9.Ne5 g5 10.Nxd7 gxf4 11.Nb6 fxe3 12.Nxe4 dxe4 13.fxe3 Rb8 14.Qb3 Qg5 15.g3 Bh6
16.Nc4 O-O 17.O-O-O Bh3 18.Rhe1 f5 19.Kb1 Kh8 20.Ne5 Qe7 21.Rc1 Bg7 22.Red1 Rbd8
23.Rc4 Rd5 24.Rb4 Bxe5 25.dxe5 Rf7 26.Rxd5 exd5 27.e6 Rg7 28.Qc3 h6 29.Qe5 Kh7
30.Qd6 Qg5 31.a3 Qf6 32.Bh5 f4 33.Qxf4 Qxf4 34.exf4 Bxe6 35.Kc1 a5 36.Ra4 Re7
37.Be2 Kg7 38.Kd2 e3+ 39.Kc3 Kf6 40.Rxa5 Bf5 41.Ra4 h5 42.Rd4 Bg4 43.Kd3 Bf5+
44.Kc3 Bg4 45.Kd3 Bf5+ 46.Kc3  1/2-1/2

[Event "25th Liechtenstein Open"]
[Site "Triesen LIE"]
[Date "2007.05.18"]
[Round "8"]
[White "Vijayalakshmi,S"]
[Black "Kritz,L"]
[Result "0-1"]
[WhiteElo "2424"]
[BlackElo "2593"]

1.d4 d5 2.c4 c6 3.Nf3 Nf6 4.Nc3 a6 5.e3 b5 6.b3 Bg4 7.Be2 e6 8.Bb2 Nbd7 9.h3 Bh5
10.O-O Bd6 11.Ne5 Bxe2 12.Nxe2 bxc4 13.bxc4 O-O 14.Nxd7 Nxd7 15.c5 Be7 16.Qa4 Qc7
17.Bc3 Rfb8 18.Ba5 Qc8 19.Rab1 e5 20.Nc3 Bf6 21.Rfc1 exd4 22.exd4 Rxb1 23.Rxb1 Rb8
24.Rxb8 Nxb8 25.Nd1 Qb7 26.Nc3 g6 27.Bb6 Nd7 28.Qb4 Nf8 29.Ne2 Qe7 30.Qd2 Qe4
31.Ba5 Ne6 32.Bc3 Qb1+ 33.Kh2 Bg5 34.Qb2 Qd1 35.f4 Bd8 36.Qd2 Qb1 37.Ng1 Qe4
38.g3 Bf6 39.Ne2 h5 40.h4 Ng7 41.Kg1 Qf3 42.Qe1 Nf5 43.Qf2 Qd3 44.a3 Nxg3
45.Nxg3 Qxc3 46.Ne2 Qh3 47.f5 Qg4+ 48.Kh2 Qxh4+ 49.Qxh4 Bxh4 50.Nf4 Bf6 51.fxg6 Bxd4
52.gxf7+ Kxf7 53.Nd3 Ke6 54.a4 a5 55.Kg3 Kf5 56.Kf3 h4 57.Nc1 Bxc5 58.Nb3 Bb6
59.Nc1 Ke5  0-1

[Event "16th TCh-CRO"]
[Site "Sibenik CRO"]
[Date "2007.05.20"]
[Round "4"]
[White "Sulava,N"]
[Black "Rukavina,J"]
[Result "1-0"]
[WhiteElo "2549"]
[BlackElo "2382"]

1.d4 d5 2.c4 c6 3.Nf3 Nf6 4.Nc3 a6 5.cxd5 cxd5 6.Bf4 Nc6 7.Rc1 e6 8.e3 Bd6
9.Bg3 Bxg3 10.hxg3 Qd6 11.Bd3 e5 12.dxe5 Nxe5 13.Nxe5 Qxe5 14.Qa4+ Bd7 15.Qf4 Qxf4
16.gxf4 Rc8 17.Kd2 Ke7 18.f3 h5 19.f5 Kd6 20.Rh4 Ke5 21.Rb4 Bxf5 22.Rxb7 Rb8
23.Rxf7 Rxb2+ 24.Rc2 Rxc2+ 25.Kxc2 Bxd3+ 26.Kxd3 g5 27.Re7+ Kf5 28.Kd4 Rc8
29.Re5+ Kg6 30.Re6 Rc4+ 31.Kd3 Rc5 32.Rxa6 g4 33.fxg4 hxg4 34.e4 Kf7 35.e5 Nh5
36.Ne2 Rc4 37.Rh6 Ng7  1-0

[Event "3rd UKR Games Women"]
[Site "Evpatoria UKR"]
[Date "2007.05.22"]
[Round "2"]
[White "Kostak,T"]
[Black "Maiko,A"]
[Result "1/2-1/2"]
[WhiteElo "2117"]
[BlackElo "2067"]

1.d4 d5 2.c4 c6 3.Nf3 Nf6 4.Nc3 a6 5.Ne5 e6 6.c5 Nfd7 7.Bf4 Nxe5 8.Bxe5 Nd7
9.Bg3 e5 10.e3 g6 11.Be2 Bg7 12.O-O O-O 13.b4 exd4 14.exd4 Qf6 15.Qa4 Qxd4
16.Rac1 Bh6 17.Rfd1 Qf6 18.Rc2 Ne5 19.Bf1 Bf5 20.Re2 Nc4 21.Qb3 Rfd8 22.h3 Bg7
23.Na4 h5 24.Ree1 Be6 25.Qc2 h4 26.Bh2 Qg5 27.Kh1 Bf5 28.Qc1 Qxc1 29.Rxc1 Bh6
30.Bxc4 Bxc1 31.Rxc1 dxc4 32.Nb6 Ra7 33.Bc7 Re8 34.Nxc4 Re7 35.Bd8 Re4 36.f3 Re2
37.a4 Ra8 38.Bxh4 Bd3 39.a5 Kg7 40.Nd6 Rb2 41.Be1 f6 42.Nxb7 Bf1 43.Bc3 Bxg2+
44.Kg1 Re2 45.Rd1 Bxf3 46.Rd7+ Kh6 47.Bxf6 Rae8 48.Bg7+ Kh5 49.Bf6 Kh6 50.Nd6 Rg2+
51.Kf1 Ree2 52.Nf7+ Kh5 53.Ne5 Rgf2+ 54.Kg1 Rg2+ 55.Kf1 Rgf2+ 56.Kg1 Rg2+
57.Kf1 Rgf2+  1/2-1/2

[Event "50th TCh-SRB Cup"]
[Site "Mataruska Banja SRB"]
[Date "2007.05.24"]
[Round "4"]
[White "Ivanisevic,I"]
[Black "Sedlak,N"]
[Result "1-0"]
[WhiteElo "2614"]
[BlackElo "2575"]

1.d4 d5 2.c4 c6 3.Nf3 Nf6 4.Nc3 a6 5.h3 dxc4 6.a4 e6 7.e3 c5 8.Bxc4 Nc6 9.O-O Be7
10.dxc5 O-O 11.e4 Bxc5 12.e5 Nd7 13.Bf4 Be7 14.Qe2 Nc5 15.Rfd1 Qb6 16.Ne4 Nxe4
17.Qxe4 Rd8 18.Ng5 g6 19.Be3 Qxb2 20.Rxd8+ Bxd8 21.Rd1 Be7 22.Qh4 h5 23.Qf4 Nxe5
24.Bd4 Qc2 25.Qxe5 Qxd1+ 26.Kh2 f6 27.Bxe6+ Kf8 28.Nh7+ Ke8 29.Nxf6+ Bxf6
30.Qxf6 Bxe6 31.Qxe6+ Kf8 32.Qd6+ Ke8 33.Qxg6+ Kd7 34.Qf5+ Kd6 35.Qe5+ Kd7
36.Qd5+ Kc8 37.Qe6+ Kb8 38.Qe8+ Kc7 39.Be5+  1-0

[Event "3rd UKR Games Women"]
[Site "Evpatoria UKR"]
[Date "2007.05.25"]
[Round "7"]
[White "Cherednichenko,S"]
[Black "Maiko,A"]
[Result "1-0"]
[WhiteElo "2280"]
[BlackElo "2067"]

1.d4 d5 2.c4 c6 3.Nc3 Nf6 4.Nf3 a6 5.e3 b5 6.b3 Bg4 7.Be2 e6 8.O-O Bd6 9.h3 Bh5
10.Bb2 O-O 11.Rc1 Nbd7 12.Ne5 Bxe2 13.Nxe2 Rc8 14.cxb5 cxb5 15.Nf4 b4 16.Nfd3 Ne4
17.Qe1 a5 18.f3 Nef6 19.Rf2 Nh5 20.g4 Nhf6 21.Rfc2 Rxc2 22.Rxc2 Ne8 23.Qc1 f6
24.Rc8 Qe7 25.Nc6 Qf7 26.Nxa5 f5 27.g5 Qh5 28.f4 Qxh3 29.Rc2 Nc7 30.Rh2 Qg3+
31.Rg2 Qf3 32.Nb7 Nb5 33.Nxd6 Nxd6 34.Nxb4 Rc8 35.Qe1 Ne4 36.Nd3 Qh5 37.a4 Rb8
38.b4 Nb6 39.a5 Nc4 40.Bc1 Ra8 41.Nc5 Qf7 42.Ra2 Ncd6 43.a6 Nb5 44.Qh4 g6
45.Ra5 Ned6 46.Qf2 Ra7 47.Qc2 Qe8 48.Qd3 Qc6 49.Bd2 Nc4 50.Ra1 Nc7 51.Qc2 Nxa6
52.Qa4 Qxa4 53.Rxa4 Nxd2 54.b5 Nc4 55.Rxa6 Rxa6 56.bxa6 Nb6 57.Nxe6 Na8 58.Kf2 Kf7
59.Nc5 Ke7 60.Ke2 Kd6 61.Kd2 Ke7 62.Kc3 Kd6 63.Kb4 Kc6 64.Ka5 Nc7 65.Nd3 Na8
66.Nb4+ Kd6 67.Kb5 Nc7+ 68.Kb6 Na8+ 69.Kb7 Nc7 70.a7  1-0

[Event "8th United Insurance"]
[Site "Dhaka BAN"]
[Date "2007.05.30"]
[Round "4"]
[White "Chatterjee,D"]
[Black "Rahman,SM"]
[Result "0-1"]
[WhiteElo "2205"]
[BlackElo "2247"]

1.d4 d5 2.c4 c6 3.Nf3 Nf6 4.Nc3 a6 5.c5 Bf5 6.Bf4 Nbd7 7.e3 e6 8.Nd2 e5 9.Bg3 exd4
10.exd4 g6 11.Be2 Be7 12.O-O O-O 13.b4 Re8 14.Rc1 Bf8 15.Bf4 Bg7 16.Nb3 Ne4
17.Nxe4 Rxe4 18.Qd2 Nf8 19.Bf3 Re6 20.a4 h5 21.Bd6 Nh7 22.Na5 Qd7 23.b5 axb5
24.axb5 Bf6 25.Ra1 Ng5 26.bxc6 bxc6 27.Nb3 Rae8 28.Qf4 Bc2 29.Nd2 Kg7 30.h4 Ne4
31.Bxe4 Bxe4 32.Ra4 Bc2 33.Rb4 Bd3 34.Ra1 Re1+ 35.Rxe1 Rxe1+ 36.Kh2 Qg4 37.Nf3 Qxf4+
38.Bxf4 Re4 39.Be5 Be2 40.Bxf6+ Kxf6 41.Ne5 Bb5 42.Kg3 Ke6 43.Nf3 Rg4+ 44.Kh2 f6
45.Rb1 Kf5 46.Re1 Re4 47.Ra1 Be2 48.Kg3 Rg4+ 49.Kh3 Bxf3 50.gxf3 Rxd4 51.Ra6 Rd3
52.Kg3 g5 53.hxg5 fxg5 54.Rxc6 g4 55.Rd6 Rxf3+ 56.Kg2 Ke5 57.Rh6 Rh3 58.c6 Ke4
59.Re6+ Kf5 60.Rh6 Ke4 61.Re6+ Kf5 62.Rh6 d4 63.c7 Rc3 64.Rxh5+ Ke4 65.Rg5 Rxc7
66.Rxg4+ Kd3 67.f4 Ke3 68.Kg3 Rc1 69.Kh4 d3 70.Rg3+ Ke4  0-1

[Event "8th United Insurance"]
[Site "Dhaka BAN"]
[Date "2007.06.01"]
[Round "7"]
[White "Chatterjee,D"]
[Black "Mohammad,J"]
[Result "0-1"]
[WhiteElo "2205"]
[BlackElo "2267"]

1.d4 d5 2.c4 c6 3.Nf3 Nf6 4.Nc3 a6 5.c5 g6 6.Bf4 Bg7 7.e3 O-O 8.h3 Nbd7 9.Be2 b6
10.cxb6 Qxb6 11.Rb1 c5 12.O-O cxd4 13.exd4 Bb7 14.b4 Ne4 15.Na4 Qf6 16.Be3 Bc6
17.Rc1 Rfb8 18.Qb3 Qd6 19.Nc5 Ndxc5 20.dxc5 Qc7 21.Ng5 Nxg5 22.Bxg5 Qe5 23.Qe3 Qxe3
24.Bxe3 Rxb4 25.Rb1 Rab8 26.Rxb4 Rxb4 27.Bxa6 Ra4 28.Bd3 d4 29.Bg5 e5 30.Rb1 h6
31.Be7 e4 32.Bf1 d3 33.Rb6 Bd5 34.Rd6 Be6 35.c6 Rxa2 36.c7 Rc2 37.Rd8+ Kh7
38.Bd6 Bf6 39.Bg3 h5 40.h4 Bf5 41.f3 d2 42.Be2 e3 43.Bf4 Rc1+ 44.Kh2 Re1
45.Bxe3 Rxe2  0-1

[Event "1st Alushta Summer"]
[Site "Alushta UKR"]
[Date "2007.06.03"]
[Round "2"]
[White "Shishkin,Va UKR"]
[Black "Belikov,V"]
[Result "1/2-1/2"]
[WhiteElo "2515"]
[BlackElo "2564"]

1.d4 d5 2.c4 c6 3.Nf3 Nf6 4.Nc3 a6 5.c5 Nbd7 6.Bf4 Nh5 7.Bd2 Nhf6 8.Qc2 g6
9.g3 Bg7 10.Bg2 O-O 11.O-O Re8 12.Rad1 Nh5 13.e4 dxe4 14.Nxe4 Ndf6 15.Nc3 Nd5
16.Qb3 Nhf6 17.Ne5 Qc7 18.Nxd5 Nxd5 19.Qa4 Be6 20.Ba5 Qc8 21.Rfe1 Rb8 22.Qc2 Nf6
23.Nc4 Bxc4 24.Qxc4 e6 25.a4 Qd7 26.Qb3 Nd5 27.Be4 Ne7 28.Qc4 Ra8  1/2-1/2

[Event "35th World Open"]
[Site "King of Prussia USA"]
[Date "2007.06.03"]
[Round "7"]
[White "Sharavdorj,D"]
[Black "Lapshun,Y"]
[Result "1/2-1/2"]
[WhiteElo "2454"]
[BlackElo "2479"]

1.d4 d5 2.Nf3 Nf6 3.c4 c6 4.Nc3 a6 5.c5 Bf5 6.Bf4 Nbd7 7.e3 e6 8.Be2 Be7
9.Nd2 h6 10.O-O O-O 11.b4 Ne8 12.Nb3 Bg5 13.Bg3 Bh4 14.Bxh4 Qxh4 15.a4 e5
16.Na5 Rb8 17.Bxa6 bxa6 18.Nxc6 Nc7 19.Nxb8 Rxb8 20.c6 exd4 21.exd4 Nf8 22.b5 Nfe6
23.Qf3 Nxd4 24.Qe3 Nce6 25.Qe5 Qf4 26.Rae1 axb5 27.Nxd5 Qxe5 28.Rxe5 f6 29.Re3 Nxc6
30.Rc1 Ned4 31.axb5 Rxb5 32.Ne7+ Nxe7 33.Rxe7 h5 34.h3 Rb1 35.Rxb1 Bxb1 36.Rd7 Ne6
37.Rd5 Nf4 38.Rb5 Bd3 39.Rb4 g5 40.Kh2 Kf7 41.h4 Kg6 42.hxg5 fxg5 43.g3 Ne6
44.f3 Kf6 45.Kg2 Bg6 46.Kf2 Be8 47.Rc4 Bb5 48.Rb4 Bc6 49.Rc4 Bd5 50.Rb4 Nc7
51.Ra4 Be6 52.Rd4 Nd5 53.Ra4 Ke5 54.Re4+ Kf5 55.g4+ hxg4 56.Rxg4 Nf4 57.Ke3 Bd5
58.Rg1 Ng6 59.Ra1 Nh4 60.Ra5 Ng2+ 61.Kf2 Nf4 62.Kg3 Kg6 63.Ra4 Nh5+ 64.Kf2 Kf5
65.Ra5 Ke5 66.Rb5 Nf6 67.Kg3 Kf5 68.Ra5 Kg6 69.Ra6 Kf5 70.Rxf6+ Kxf6 71.f4 gxf4+
72.Kxf4  1/2-1/2

[Event "FSIMB June"]
[Site "Budapest HUN"]
[Date "2007.06.04"]
[Round "3"]
[White "Asabri,Hu"]
[Black "Farago,S"]
[Result "1/2-1/2"]
[WhiteElo "2228"]
[BlackElo "2275"]

1.d4 d5 2.Nf3 Nf6 3.c4 c6 4.Nc3 a6 5.c5 Bf5 6.Bf4 Nbd7 7.e3 b5 8.Bd3 Bxd3
9.Qxd3 b4 10.Ne2 Nh5 11.O-O Nxf4 12.Nxf4 e6 13.e4 g5 14.Nh5 g4 15.Nd2 Qg5
16.Ng3 Bg7 17.f4 gxf3 18.Nxf3 Qg4 19.exd5 cxd5 20.Qd2 a5 21.c6 Nb6 22.b3 h5
23.Ne2 Bh6 24.Qd3 Rg8 25.g3 Qe4 26.Qb5 Be3+ 27.Kg2 h4 28.Qxb6 hxg3 29.h3 Qd3
30.Rae1 Bf2 31.Nc1 Qa6 32.Qxa6 Rxa6 33.Re2 Rxc6 34.Nd3 Rc3 35.Nxf2 gxf2+
36.Kxf2  1/2-1/2

[Event "ch-St Petersburg"]
[Site "St Petersburg RUS"]
[Date "2007.06.06"]
[Round "9"]
[White "Matlakov,M"]
[Black "Lovkov,R"]
[Result "1/2-1/2"]
[WhiteElo "2440"]
[BlackElo "2427"]

1.d4 d5 2.c4 c6 3.Nc3 Nf6 4.Nf3 a6 5.c5 g6 6.Bf4 Nbd7 7.h3 Bg7 8.e3 O-O 9.Bd3 b6
10.cxb6 Qxb6 11.O-O c5 12.Na4 Qa5 13.dxc5 Nxc5 14.Nxc5 Qxc5 15.Rc1 Qb6 16.Be5 Bd7
17.Bd4 Qb7  1/2-1/2

[Event "5th V Nabokov Mem"]
[Site "Kyiv UKR"]
[Date "2007.06.08"]
[Round "6"]
[White "Golichenko,I"]
[Black "Kernazhitsky,L"]
[Result "1-0"]
[WhiteElo "2316"]
[BlackElo "2364"]

1.d4 d5 2.c4 c6 3.Nf3 Nf6 4.Nc3 a6 5.c5 Nbd7 6.Bf4 Nh5 7.e3 Nxf4 8.exf4 b6
9.cxb6 e6 10.Bd3 Bd6 11.Qd2 Nxb6 12.Rc1 c5 13.Ne2 c4 14.Bb1 Rb8 15.Nc3 Qc7
16.g3 Bd7 17.Kf1 g6 18.Kg2 O-O 19.h4 h5 20.Ne5 Be8 21.Ne2 Kg7 22.Qc2 Qb7
23.g4 Nd7 24.gxh5 Qxb2 25.Qd1 Rh8 26.hxg6 fxg6 27.Rc2 Qb7 28.Rc3 Nf6 29.Rg3 Ne4
30.Bxe4 dxe4 31.Nxc4 Qd5 32.Nxd6 e3+ 33.f3 Qxd6 34.Qc2 Kf8 35.Rg5 Qa3 36.Kg3 Rb2
37.Qc4 Rh7 38.h5 Rxa2 39.hxg6 Re7 40.Rh8+ Kg7 41.Rh7+ Kg8 42.Ra5 Qxa5 43.Rxe7 Qd5
44.Rxe8+ Kg7 45.Qc7+  1-0

[Event "Baden Challenge III"]
[Site "Neuhausen GER"]
[Date "2007.06.09"]
[Round "8"]
[White "Kuzubov,Y"]
[Black "Bojkov,D"]
[Result "1-0"]
[WhiteElo "2545"]
[BlackElo "2487"]

1.d4 d5 2.c4 c6 3.Nf3 Nf6 4.Nc3 a6 5.c5 Nbd7 6.Bf4 Nh5 7.Bg5 h6 8.Bd2 g6
9.e4 dxe4 10.Nxe4 Ndf6 11.Nxf6+ Nxf6 12.Bc4 Bg7 13.Qb3 Nd5 14.O-O O-O 15.Rfe1 Ra7
16.Rac1 a5 17.a4 Be6 18.Ne5 Qc8 19.f4 h5 20.Re2 Bf6 21.Rce1 Kg7  1-0